000 01330naa a22003257a 4500
001 BR8104694
003 BR-BrBNA
005 20250716171942.0
007 ta
008 250630b bl.|||m| |||| 00| 0 por d
040 _aBR-BrBNA
_bpor
_cBiblioteca Nacional de Agricultura
041 _a(Pt)
072 _aE70; F00; E15
_b1540
_b8961
_bG514
090 _aE70 BR8104694
100 1 _aBaleeiro, R.R.
111 1 _a1. Congresso Brasileiro de Mandioca
_cSalvador, BA (Brazil)
_d25 Nov 1979
245 1 _aPotencial agricola do estado da Bahia para a producao de alcool de mandioca [Custo de producao; Economia da producao; Brasil]
500 _aAnais do 1. Congresso Brasileiro de Mandioca, v. 2: Alimentacao humana e animal. Alcool Cruz das Almas, BA (Brasil): 1981. p. 277-282 (BR8104694-AMS)
773 0 _tAnais do 1. Congresso Brasileiro de Mandioca, v. 2: Alimentacao humana e animal. Alcool
_wE70 BR8104694
_gCruz das Almas, BA (Brasil), 1981. p. 277-282
650 _aMANDIOCA
650 _aALCOOL
650 _aRASPA
650 _aFECULA
650 _aCONSUMO
650 _aMERCADO INTERNACIONAL
650 _aBAHIA
490 _aDocumentos - Empresa Brasileira de Pesquisa Agropecuaria. Depto. de Informacao e Documentacao (Brazil)
_vno. 18
942 _cAMS
_2AGRIS
909 _a202506
_bLúcia
_c55
_dLúcia Elande
999 _c333799
_d333799